000
00227 a2200097 4500
001
6984
100
_a
Bessaignet, P
245
_a
Social research in east Pakistan
260
_a
_b
Asiatic society of Pak
_c
090
_c
5767
_d
5767
942
_a
NUST-CAE
_c
M
_c
32230
999
_c
242057
_d
242057